000 00264nam a2200097Ia 4500
008 220204s9999 xx 000 0 und d
082 _a036
_bIND
245 0 _aIndia: Planning commission social services
260 _aDelhi
_bManager of Publications
_c1954
942 _cBK
999 _c26429
_d26429